Welcome to CU Library Online Public Access Catalogue (OPAC)

Human resource practice in africa ; (Record no. 5838)

MARC details
000 -LEADER
fixed length control field 00444nam a22001457a 4500
005 - DATE AND TIME OF LATEST TRANSACTION
control field 20250519101910.0
008 - FIXED-LENGTH DATA ELEMENTS--GENERAL INFORMATION
fixed length control field 250519b |||||||| |||| 00| 0 eng d
020 ## - INTERNATIONAL STANDARD BOOK NUMBER
International Standard Book Number 9789988152628
050 ## - LIBRARY OF CONGRESS CALL NUMBER
Classification number HF5549
Item number .17 MUS
100 ## - MAIN ENTRY--PERSONAL NAME
Personal name Musau, Geneva
245 ## - TITLE STATEMENT
Title Human resource practice in africa ;
Remainder of title a soft skills development guide for HR professionals
260 ## - PUBLICATION, DISTRIBUTION, ETC.
Place of publication, distribution, etc. Accra
Name of publisher, distributor, etc. Combert Impressions Ltd.
Date of publication, distribution, etc. c2001
300 ## - PHYSICAL DESCRIPTION
Extent 156p;
Other physical details ill.;
942 ## - ADDED ENTRY ELEMENTS (KOHA)
Source of classification or shelving scheme Library of Congress Classification
Koha item type Books
Suppress in OPAC No
999 ## -
-- 5838
-- 5838
Holdings
Withdrawn status Lost status Source of classification or shelving scheme Damaged status Not for loan Collection Home library Current library Shelving location Date acquired Total checkouts Full call number Barcode Date last seen Copy number Price effective from Koha item type
    Library of Congress Classification     Non-fiction Undergraduate Library (Christ Temple) Undergraduate Library (Christ Temple) General stacks 05/19/2025   HF5549.17 MUS ulct00002474 05/19/2025 1 05/19/2025 Books
    Library of Congress Classification     Non-fiction Undergraduate Library (Christ Temple) Undergraduate Library (Christ Temple) General stacks 05/19/2025   HF5549.17 SMI ulct00002475 05/19/2025 1 05/19/2025 Books
    Library of Congress Classification     Non-fiction Undergraduate Library (Christ Temple) Undergraduate Library (Christ Temple) General stacks 05/19/2025   HF5549.17 SMI ulct00002476 05/19/2025 2 05/19/2025 Books
    Library of Congress Classification     Non-fiction Undergraduate Library (Christ Temple) Undergraduate Library (Christ Temple) General stacks 05/19/2025   HF5549.17 SMI ulct00002477 05/19/2025 3 05/19/2025 Books
© 2023-2024 Copyright: Central University Libraries. All Rights Reserved | Created by: Mahone Tech Office